El Año pedagógico hispano americano (Record no. 179437)

MARC details
000 -LEADER
campo de control de longitud fija 00771nas a2200229 i 4500
001 - NÚMERO DE CONTROL
campo de control 179437
003 - IDENTIFICADOR DE NÚMERO DE CONTROL
campo de control ES-MaACL
005 - FECHA Y HORA DE LA ÚLTIMA TRANSACCIÓN
campo de control 20250217134903.0
008 - DATOS DE LONGITUD FIJA--INFORMACIÓN GENERAL
campo de control de longitud fija 111129d1920 | | ||pa d
022 ## - NÚMERO INTERNACIONAL NORMALIZADO PARA PUBLICACIONES SERIADAS
Número Internacional Normalizado para Publicaciones Seriadas 9933-5530
080 ## - NÚMERO DE LA CLASIFICACIÓN DECIMAL UNIVERSAL
Número de la Clasificación Decimal Universal 37
100 0# - ENTRADA PRINCIPAL--NOMBRE DE PERSONA
Nombre de persona Blanco y Sánchez, Rufino.
9 (RLIN) 29311
245 13 - MENCIÓN DEL TÍTULO
Título El Año pedagógico hispano americano
Resto del título : monografias pedagógicas : crónica mundial de la enseñanza, 2000 notas bibliográficas /
Mención de responsabilidad, etc. R. Blanco y Sánchez.
260 ## - PUBLICACIÓN, DISTRIBUCIÓN, ETC.
Lugar de publicación, distribución, etc. Madrid :
Nombre del editor, distribuidor, etc. Perlado, Páez y Compañía,
Fecha de publicación, distribución, etc. 1920.
300 ## - DESCRIPCIÓN FÍSICA
Extensión VIII, 316 p. ;
Dimensiones 25 cm.
362 0# - FECHAS DE PUBLICACIÓN Y/O DESIGNACIÓN SECUENCIAL
Fecha de publicación y/o designación secuencial T. 1 (1920)
650 #4 - PUNTO DE ACCESO ADICIONAL DE MATERIA--TÉRMINO DE MATERIA
Término de materia o nombre geográfico como elemento de entrada Pedagogía-
Subdivisión de forma Bibliografías.
9 (RLIN) 153809
785 00 - ENTRADA/ENLACE A UN TÍTULO POSTERIOR
Título Anuario de bibliografía pedagógica
852 ## - LOCALIZACIÓN
Ubicación ES-MaACL
Número de control de estantería B-13044
866 01 - MENCIÓN TEXTUAL DE FONDOS--UNIDAD BIBLIOGRÁFICA BÁSICA
Fondos 1920
Holdings
Estatus retirado Estado de pérdida Estado de daño No para préstamo Colección Biblioteca de origen Biblioteca actual Ubicación en estantería Fecha de adquisición Fuente de adquisición Total de préstamos Signatura topográfica completa Código de barras Visto por última vez Precio de reemplazo Tipo de ítem Koha
        Periódicos y Revistas Biblioteca del Ateneo de Madrid Biblioteca del Ateneo de Madrid Sala Pardo Bazán 29/11/2011     B-13044 1188506 23/02/2023 23/02/2023 Revista